El reclutamiento ilícito de niños y niñas a grupos armados ilegales : (Registro nro. 6458)

Detalles MARC
000 -LEADER
fixed length control field 01303 a2200253 4500
003 - CONTROL NUMBER IDENTIFIER
control field OSt
005 - DATE AND TIME OF LATEST TRANSACTION
control field 20200210083321.0
008 - FIXED-LENGTH DATA ELEMENTS--GENERAL INFORMATION
fixed length control field 140227s2013 ck d grn 000 0 spa d
040 ## - CATALOGING SOURCE
Original cataloging agency CO-BoUCM
Transcribing agency CO-JMCR
041 0# - LANGUAGE CODE
Language code of text/sound track or separate title spa
082 04 - DEWEY DECIMAL CLASSIFICATION NUMBER
Classification number 362.76 /
Item number R299r
Edition number 20
245 03 - TITLE STATEMENT
Title El reclutamiento ilícito de niños y niñas a grupos armados ilegales :
Remainder of title de la indiferencia a la barbarie y de la retórica de las políticas públicas a la prevención real del fenómeno y a su tratamiento eficaz en la administración de justicia
260 ## - PUBLICATION, DISTRIBUTION, ETC.
Place of publication, distribution, etc. Bogotá :
Name of publisher, distributor, etc. Fundación Antonio Restrepo Barco,
Date of publication, distribution, etc. 2013
300 ## - PHYSICAL DESCRIPTION
Extent 293 páginas :
Other physical details gráficas, tablas ;
Dimensions 28 cm.
505 ## - FORMATTED CONTENTS NOTE
Formatted contents note Contexto general del reclutamiento infantil en Colombia -- Posturas de organismos internacionales -- Respuestas a la problemática -- Posturas de organismos estatales -- Testimonios de reclutamiento
650 ## - SUBJECT ADDED ENTRY--TOPICAL TERM
Topical term or geographic name entry element Niǫs
General subdivision Asistencia social
-- Polt̕ica gubernamental
Geographic subdivision Colombia
9 (RLIN) 58051
650 #7 - SUBJECT ADDED ENTRY--TOPICAL TERM
9 (RLIN) 32081
Topical term or geographic name entry element Conflicto armado
General subdivision Aspectos sociales
Geographic subdivision Colombia
650 14 - SUBJECT ADDED ENTRY--TOPICAL TERM
Topical term or geographic name entry element Administración de justicia penal
Geographic subdivision Colombia
9 (RLIN) 58049
650 24 - SUBJECT ADDED ENTRY--TOPICAL TERM
Topical term or geographic name entry element Niños (Derecho internacional)
9 (RLIN) 58050
690 ## - LOCAL SUBJECT ADDED ENTRY--TOPICAL TERM (OCLC, RLIN)
9 (RLIN) 42749
Topical term or geographic name as entry element Bienestar social
690 ## - LOCAL SUBJECT ADDED ENTRY--TOPICAL TERM (OCLC, RLIN)
9 (RLIN) 42900
Topical term or geographic name as entry element Problemas sociales
710 1# - ADDED ENTRY--CORPORATE NAME
Corporate name or jurisdiction name as entry element Noruega.
Subordinate unit Ministerio de Relaciones Exteriores
9 (RLIN) 57426
942 ## - ADDED ENTRY ELEMENTS (KOHA)
Koha item type Books
Source of classification or shelving scheme Dewey Decimal Classification
Existencias
Withdrawn status Lost status Source of classification or shelving scheme Damaged status Not for loan Collection code Home library Current library Date acquired Source of acquisition Total Checkouts Full call number Barcode Date last seen Copy number Price effective from Koha item type
    Dewey Decimal Classification     Non-fiction Biblioteca Pública José María del Castillo y Rada Biblioteca Pública José María del Castillo y Rada 02/10/2020 Donación   362.76 / R299r 201809850 05/16/2024 Ej.1 02/10/2020 Books